Statistics for Automobile manufacturers by their cars

Click here to take the quiz!

General Stats

  • This quiz has been taken 7,031 times
    (7,026 since last reset)
  • The average score is 13 of 20

Answer Stats

HintAnswerCountry% Correct
M3BMWGermany
97%
VeyronBugattiFrance
88%
TransitFordUSA
86%
YarisToyotaJapan
86%
PoloVolkswagenGermany
85%
MX5MazdaJapan
75%
LancerMitsubishiJapan
75%
DiscoveryLand RoverUK
72%
C220MercedesGermany
71%
XFJaguarUK
66%
YetiSkodaCzech Republic
64%
500cFiatItaly
63%
307PeugeotFrance
62%
IbizaSeatSpain
62%
SanderoDaciaRomania
55%
AlmeraNissanJapan
55%
LeonSeatSpain
52%
AstraVauxhallUK
43%
Sport HSERange RoverUK
40%
RobinReliantUK
39%

Score Distribution

Percentile by Number Answered

Percent of People with Each Score

Your Score History

You have not taken this quiz since the last reset